The Men who ruled India (Record no. 82866)

MARC details
000 -LEADER
fixed length control field 00650nam a2200145 a 4500
008 - FIXED-LENGTH DATA ELEMENTS--GENERAL INFORMATION
fixed length control field 120416s1954 ||||||||||||||||| || u
050 ## - LIBRARY OF CONGRESS CALL NUMBER
Classification number DS 463 Mas
100 ## - MAIN ENTRY--PERSONAL NAME
Personal name Mason, Philip
245 14 - TITLE STATEMENT
Title The Men who ruled India
260 ## - PUBLICATION, DISTRIBUTION, ETC.
Place of publication, distribution, etc. London:
Name of publisher, distributor, etc. Jonathan Cape
Date of publication, distribution, etc. 1954
300 ## - PHYSICAL DESCRIPTION
Extent 2 vols. : ill.
350 ## -
-- 0.00
995 ## -
-- ANNEX COLLECTION (Main Library)
-- 0.00
-- 709809
-- CBU-MAIN LIBRARY (Kitwe)
-- 1
-- 0.00
-- DS 463 Mas
-- 1
-- AVAILABLE
-- Jul 21, 2006
-- 000860
-- Annex Low-Usage Collection
995 ## -
-- ANNEX COLLECTION (Main Library)
-- 0.00
-- 709808
-- CBU-MAIN LIBRARY (Kitwe)
-- 2
-- 0.00
-- DS 463 Mas
-- 2
-- AVAILABLE
-- Jul 21, 2006
-- 000861
-- Annex Low-Usage Collection
999 ## -
-- 82866
-- 82866
Holdings
Withdrawn status Lost status Source of classification or shelving scheme Damaged status Not for loan Permanent Location Current Location Shelving location Date acquired Total Checkouts Full call number Barcode Date last seen Copy number Price effective from Koha item type
          CBU-MAIN LIBRARY, KITWE. CBU-MAIN LIBRARY, KITWE.   09/29/2023   DS 463 Mas 000860 09/29/2023 1 09/29/2023 MONOGRAPH
          CBU-MAIN LIBRARY, KITWE. CBU-MAIN LIBRARY, KITWE.   09/29/2023   DS 463 Mas 000861 09/29/2023 2 09/29/2023 MONOGRAPH